000 00531nam a2200205Ia 4500
005 20221212140550.0
008 131103s9999 xx 000 0 und d
040 _aLoreto College
041 _aEnglish
082 _a821.108
_bGOR
245 _aAnglo - Saxon Poetry
_cselected and translated by R.K.Gordon
260 _aLondon
_bJ.M.Dent
_c1964
300 _axiv,336
440 _aEveryman's Library
650 _aAnglo Saxon Literature
651 _aPoetry
700 _aGordon,R.K.,tr.
850 _aLCLIB
942 _cBK
999 _c13089
_d63568